[Event "Cambridge op 2nd"]
[Site "Cambridge"]
[Date "2024.02.21"]
[Round "5"]
[White "Fernandez, Daniel Howard"]
[Black "Tiviakov, Sergei"]
[Result "1/2-1/2"]
[WhiteElo "2526"]
[BlackElo "2534"]
[PlyCount "65"]
[EventDate "2024.02.19"]
[EventType "swiss"]
[EventRounds "9"]
[EventCountry "ENG"]
[SourceTitle "CB09_2024"]
[SourceDate "2024.02.28"]
[SourceVersion "1"]
[SourceVersionDate "2024.02.28"]
[SourceQuality "1"]

1. Nf3 Nf6 2. c4 b6 3. g3 Bb7 4. Bg2 e6 5. 0-0 Be7 6. d4 c6 7. Nc3 d5 8. Nd2 0-0 9. e4 Na6 10. b3 c5 11. exd5 exd5 12. dxc5 Nxc5 13. Ba3 Rb8 14. Nxd5 Nxd5 15. cxd5 Bxd5 16. Re1 Bxg2 17. Kxg2 Ne6 18. Bxe7 Qxe7 19. Nf3 Qb7 20. Qe2 Rfe8 21. Qe4 Qxe4 22. Rxe4 Rbc8 23. h4 Kf8 24. b4 Rc2 25. a4 Rd8 26. a5 b5 27. Rae1 g6 28. R1e3 Kg7 29. h5 Rd6 30. Ne1 Rcd2 31. Nf3 Rc2 32. Ne1 Rcd2 33. Nf3 1/2-1/2

[Event "Cambridge op 2nd"]
[Site "Cambridge"]
[Date "2024.02.20"]
[Round "3"]
[White "Fernandez, Daniel Howard"]
[Black "Roberson, Peter T"]
[Result "1-0"]
[WhiteElo "2526"]
[BlackElo "2426"]
[PlyCount "73"]
[EventDate "2024.02.19"]
[EventType "swiss"]
[EventRounds "9"]
[EventCountry "ENG"]
[SourceTitle "CB09_2024"]
[SourceDate "2024.02.28"]
[SourceVersion "1"]
[SourceVersionDate "2024.02.28"]
[SourceQuality "1"]

1. e4 c5 2. Nf3 d6 3. d4 cxd4 4. Nxd4 Nf6 5. Nc3 Nc6 6. Nd5 Nxd5 7. exd5 Qa5+ 8. Bd2 Qxd5 9. Nb5 Qe6+ 10. Be2 Qd7 11. c4 e6 12. Bf4 e5 13. Be3 Be7 14. Qd2 0-0 15. Rd1 Qd8 16. 0-0 Be6 17. f4 Qd7 18. fxe5 Nxe5 19. b3 a6 20. Nxd6 Rad8 21. c5 Ng4 22. Bg5 Bxg5 23. Qxg5 f6 24. Qf4 Ne5 25. Bf3 Rb8 26. Rfe1 Qc7 27. Rxe5 fxe5 28. Qxe5 Rf6 29. b4 b6 30. Re1 bxc5 31. Bd5 Bxd5 32. Qxd5+ Kf8 33. bxc5 Rd8 34. h3 g6 35. Qe5 Rdxd6 36. Qe8+ Kg7 37. Re7+ 1-0

[Event "Cambridge op 2nd"]
[Site "Cambridge"]
[Date "2024.02.19"]
[Round "2"]
[White "Derakhshani, Borna"]
[Black "Fernandez, Daniel Howard"]
[Result "0-1"]
[WhiteElo "2377"]
[BlackElo "2526"]
[PlyCount "102"]
[EventDate "2024.02.19"]
[EventType "swiss"]
[EventRounds "9"]
[EventCountry "ENG"]
[SourceTitle "CB09_2024"]
[SourceDate "2024.02.28"]
[SourceVersion "1"]
[SourceVersionDate "2024.02.28"]
[SourceQuality "1"]

1. e4 e6 2. d4 d5 3. Nc3 Bb4 4. e5 b6 5. Qg4 Bf8 6. Bg5 Qd7 7. f4 a5 8. Nf3 Ba6 9. Bxa6 Nxa6 10. 0-0 c6 11. Rae1 Nc7 12. Qh3 Ne7 13. Na4 Rb8 14. g4 c5 15. b3 cxd4 16. Nxd4 Nc6 17. Nf3 Nb4 18. c3 Nxa2 19. Re2 b5 20. Rxa2 bxa4 21. bxa4 Qc6 22. Nd4 Qc4 23. Raf2 Bc5 24. f5 Bxd4 25. cxd4 Qxd4 26. Be3 Qd3 27. Rf3 Rb1 28. Bb6 Rxf1+ 29. Qxf1 Qxf1+ 30. Kxf1 Kd7 31. Bxc7 Kxc7 32. fxe6 fxe6 33. Rf7+ Kc6 34. Rxg7 d4 35. Ke2 Kd5 36. Kd3 Rb8 37. Rxh7 Rb3+ 38. Kc2 Rc3+ 39. Kd2 Ra3 40. g5 Kxe5 41. g6 Kf6 42. Ra7 Kxg6 43. Rxa5 Kf6 44. h4 e5 45. h5 Kf5 46. h6 Rh3 47. Ra6 e4 48. Rd6 Ke5 49. Rg6 Rh2+ 50. Ke1 d3 51. a5 e3 0-1

[Event "BCF-chT 2324 (4NCL)"]
[Site "England"]
[Date "2024.01.14"]
[Round "4.3"]
[White "Fernandez, Daniel Howard"]
[Black "Haria, Ravi"]
[Result "1-0"]
[WhiteElo "2525"]
[BlackElo "2498"]
[PlyCount "119"]
[EventDate "2023.11.11"]
[EventType "team-tourn"]
[EventRounds "11"]
[EventCountry "ENG"]
[SourceTitle "CB11_2024"]
[SourceDate "2024.03.13"]
[SourceVersion "1"]
[SourceVersionDate "2024.03.13"]
[SourceQuality "1"]
[WhiteTeam "The Sharks"]
[BlackTeam "Wood Green"]
[WhiteTeamCountry "ENG"]
[BlackTeamCountry "ENG"]

1. Nf3 d5 2. e3 Nf6 3. c4 e6 4. b3 b6 5. d4 Bb7 6. Nbd2 c5 7. Bb2 cxd4 8. Bxd4 Be7 9. cxd5 Bxd5 10. Bb5+ Bc6 11. Qe2 0-0 12. Rc1 Bb7 13. 0-0 a6 14. Bd3 Nc6 15. Bxf6 Bxf6 16. Be4 Rc8 17. Bxc6 Rxc6 18. Rxc6 Bxc6 19. Qxa6 Qa8 20. Qxa8 Rxa8 21. Rc1 Be8 22. a4 b5 23. axb5 Bxb5 24. g4 Ra1 25. Rxa1 Bxa1 26. Nd4 Bd3 27. f4 g6 28. Kf2 Bc3 29. Nc4 h5 30. g5 Kf8 31. Ne5 Be4 32. Ndc6 Bc2 33. Nd7+ Ke8 34. Nc5 e5 35. Nxe5 Ke7 36. b4 Kd6 37. Nxf7+ Kd5 38. Na6 Bd3 39. Nc5 Bc2 40. Ke2 Bxb4 41. Nd3 Bc3 42. f5 gxf5 43. Nf4+ Ke4 44. Nxh5 f4 45. exf4 Kf5 46. Nh6+ Ke4 47. f5 Bd4 48. g6 Bd3+ 49. Kd1 Bc4 50. g7 Be3 51. g8Q Bxg8 52. Nf6+ Kf4 53. Nfxg8 Kg5 54. Ke2 Bf4 55. h3 Kh4 56. f6 Kxh3 57. Kf3 Be5 58. f7 Bg7 59. Nf5 Bf8 60. Nge7 1-0

[Event "Roquetas de Mar op 35th"]
[Site "Roquetas de Mar"]
[Date "2024.01.04"]
[Round "4"]
[White "Fernandez, Daniel Howard"]
[Black "Suarez Uriel, Adrian"]
[Result "0-1"]
[WhiteElo "2525"]
[BlackElo "2365"]
[PlyCount "40"]
[EventDate "2024.01.02"]
[EventType "swiss"]
[EventRounds "9"]
[EventCountry "ESP"]
[SourceTitle "CB02_2024"]
[SourceDate "2024.01.10"]
[SourceVersion "1"]
[SourceVersionDate "2024.01.10"]
[SourceQuality "1"]

1. d4 Nf6 2. c4 g6 3. Nc3 d5 4. cxd5 Nxd5 5. Na4 Bg7 6. Nf3 Bf5 7. Bd2 0-0 8. e3 Nc6 9. Rc1 e5 10. dxe5 Nxe5 11. Nd4 Bd3 12. Qb3 Bxf1 13. Kxf1 b6 14. Nc3 Nf6 15. Nf3 Nfg4 16. Ne4 Re8 17. Qc2 Nd3 18. Rd1 Rxe4 19. Be1 Rxe3 20. h3 Rxe1+ 0-1

[Event "London GM-B"]
[Site "London"]
[Date "2023.12.08"]
[Round "8"]
[White "Badacsonyi, Stanley"]
[Black "Fernandez, Daniel Howard"]
[Result "0-1"]
[WhiteElo "2054"]
[BlackElo "2528"]
[PlyCount "112"]
[EventDate "2023.12.05"]
[EventType "tourn"]
[EventRounds "9"]
[EventCountry "ENG"]
[EventCategory "5"]
[SourceTitle "CB50_2023"]
[SourceDate "2023.12.13"]
[SourceVersion "1"]
[SourceVersionDate "2023.12.13"]
[SourceQuality "1"]

1. Nf3 d5 2. g3 Nd7 3. d3 g6 4. Bg2 Bg7 5. 0-0 c6 6. e4 Nb6 7. Nbd2 Bg4 8. Re1 Qd7 9. e5 h5 10. Nb3 e6 11. Bg5 Qc7 12. d4 Bh6 13. Bxh6 Nxh6 14. h3 Bxf3 15. Qxf3 Nf5 16. Bf1 Nd7 17. c3 a6 18. Rac1 b5 19. Bd3 c5 20. Bxf5 gxf5 21. h4 Rc8 22. Kg2 c4 23. Nd2 a5 24. a3 Nf8 25. Kh3 Ng6 26. Nf1 Qe7 27. Ne3 Kf8 28. Ng2 Kg7 29. Rg1 Rh6 30. Nf4 Rch8 31. Rce1 Nxf4+ 32. gxf4+ Rg6 33. Rxg6+ fxg6 34. Rg1 Kf7 35. Qg3 Rg8 36. Qf3 Rg7 37. Qd1 Kg8 38. Qe2 Kh7 39. Qd1 b4 40. axb4 axb4 41. Qa1 Qa7 42. Rd1 Rb7 43. cxb4 Qb6 44. Qa8 Qxb4 45. Rg1 Rg7 46. Qe8 Qb3+ 47. Rg3 Qd1 48. Kg2 Qxd4 49. Qxe6 Qxf4 50. Qxd5 Qxh4 51. Rh3 Qe7 52. Qd4 Qb7+ 53. Kh2 Rd7 54. Qc3 Rd1 55. Rf3 Qe4 56. Kg2 Rd3 0-1

[Event "London GM-B"]
[Site "London"]
[Date "2023.12.07"]
[Round "5"]
[White "Olsen, Filip Boe"]
[Black "Fernandez, Daniel Howard"]
[Result "1/2-1/2"]
[WhiteElo "2423"]
[BlackElo "2528"]
[PlyCount "110"]
[EventDate "2023.12.05"]
[EventType "tourn"]
[EventRounds "9"]
[EventCountry "ENG"]
[EventCategory "5"]
[SourceTitle "CB50_2023"]
[SourceDate "2023.12.13"]
[SourceVersion "1"]
[SourceVersionDate "2023.12.13"]
[SourceQuality "1"]

1. d4 d6 2. Nf3 Nf6 3. c4 g6 4. g3 c5 5. dxc5 Qa5+ 6. Nc3 Qxc5 7. Be3 Qxc4 8. Rc1 Bd7 9. Nd4 Qb4 10. Bg2 Nc6 11. a3 Qa5 12. b4 Qd8 13. Ncb5 Bg7 14. Nxc6 bxc6 15. Nxa7 0-0 16. Nxc6 Bxc6 17. Bxc6 Rxa3 18. 0-0 h5 19. Bd4 Nd7 20. Bxg7 Kxg7 21. Qd4+ f6 22. Ra1 Rxa1 23. Rxa1 Qb6 24. Qxb6 Nxb6 25. Ra7 Rc8 26. b5 Kf8 27. f4 Rb8 28. Kf2 Nc8 29. Rc7 d5 30. Rb7 Rxb7 31. Bxb7 Nb6 32. e4 d4 33. e5 fxe5 34. fxe5 Kf7 35. Kf3 Ke6 36. Ke4 d3 37. Kxd3 Kxe5 38. h4 Kf5 39. Be4+ Kg4 40. Bxg6 Kxg3 41. Bxh5 Kxh4 42. Bd1 Kg5 43. Kd4 Kf5 44. Bb3 Nc8 45. Kd5 e6+ 46. Kc5 Kf6 47. Bd1 Ke7 48. Bf3 Kd7 49. Bb7 Kc7 50. Bxc8 Kxc8 51. Kb6 Kb8 52. Kc6 e5 53. Kd5 Kb7 54. Kxe5 Kb6 55. Ke4 Kxb5 1/2-1/2

[Event "US Masters op"]
[Site "Charlotte"]
[Date "2023.11.22"]
[Round "1"]
[White "Fernandez, Daniel Howard"]
[Black "Song, Ethan"]
[Result "1-0"]
[WhiteElo "2533"]
[BlackElo "2176"]
[PlyCount "100"]
[EventDate "2023.11.22"]
[EventType "swiss"]
[EventRounds "9"]
[EventCountry "USA"]
[SourceTitle "CB48_2023"]
[SourceDate "2023.11.29"]
[SourceVersion "1"]
[SourceVersionDate "2023.11.29"]
[SourceQuality "1"]

1. d4 Nf6 2. g3 e6 3. Bg2 d5 4. b3 c5 5. Nf3 cxd4 6. 0-0 Bc5 7. Bb2 Nc6 8. Nxd4 Nxd4 9. Bxd4 Qe7 10. Nc3 0-0 11. e4 dxe4 12. Bxf6 Qxf6 13. Nxe4 Qe7 14. Nxc5 Qxc5 15. Qd2 e5 16. c4 Rb8 17. Rfe1 Re8 18. Qe3 Qa5 19. a3 Bf5 20. b4 Qc7 21. Qxa7 Qxc4 22. Rxe5 Qc3 23. Rxe8+ Rxe8 24. Rd1 Bc2 25. Qd4 Qxa3 26. Ra1 Qd3 27. Qxd3 Bxd3 28. Bxb7 Kf8 29. Ra8 Rxa8 30. Bxa8 Ke7 31. f4 Kd6 32. Kf2 f6 33. Ke3 Bb5 34. Be4 g6 35. Kd4 Bd7 36. Bd3 Be8 37. b5 Bf7 38. Bc4 Be8 39. b6 Bc6 40. Bg8 h6 41. Bh7 Be8 42. b7 Kc7 43. Kc5 g5 44. f5 Bh5 45. b8Q+ Kxb8 46. Kd6 Bg4 47. Ke6 Kc7 48. Kxf6 Kd6 49. Kg7 Ke5 50. f6 Kd5 1-0

[Event "BCF-chT 2324 (4NCL)"]
[Site "England"]
[Date "2023.11.12"]
[Round "2.1"]
[White "Parligras, Mircea Emilian"]
[Black "Fernandez, Daniel Howard"]
[Result "0-1"]
[WhiteElo "2534"]
[BlackElo "2533"]
[PlyCount "116"]
[EventDate "2023.11.11"]
[EventType "team-tourn"]
[EventRounds "11"]
[EventCountry "ENG"]
[SourceTitle "CB46_2023"]
[SourceDate "2023.11.15"]
[SourceVersion "1"]
[SourceVersionDate "2023.11.15"]
[SourceQuality "1"]
[WhiteTeam "Manx Liberty"]
[BlackTeam "The Sharks"]
[WhiteTeamCountry "ENG"]
[BlackTeamCountry "ENG"]

1. d4 d5 2. c4 c6 3. Nf3 Nf6 4. e3 Bg4 5. h3 Bxf3 6. Qxf3 e6 7. Nc3 Nbd7 8. Bd3 g6 9. Bd2 a6 10. cxd5 exd5 11. g4 Bg7 12. h4 h5 13. g5 Ng8 14. e4 Ne7 15. exd5 cxd5 16. Nxd5 0-0 17. Nf6+ Bxf6 18. gxf6 Nc6 19. 0-0-0 Rc8 20. Kb1 Nde5 21. Qg3 Nxd3 22. Qxd3 Qxf6 23. Bc3 Qf4 24. Rhe1 Rfe8 25. a3 Na7 26. d5 Nb5 27. Bd2 Qc7 28. Bb4 Rxe1 29. Rxe1 Nd6 30. Qd4 Nf5 31. Qf6 Qd8 32. Qe5 Kh7 33. Bc3 b6 34. Rd1 Qxh4 35. d6 Qa4 36. Rd5 Re8 37. d7 Rxe5 38. d8Q Re8 39. Qd7 Qxd7 40. Rxd7 Kg8 41. Bf6 h4 42. Kc2 Kh7 43. Rxf7+ Kh6 44. Bc3 Kg5 45. Kd3 Kf4 46. Rh7 Kf3 47. Bf6 Re1 48. Rh8 Rh1 49. Rg8 Rg1 50. Rh8 Rg4 51. Rb8 h3 52. Be5 Re4 53. Bh2 Rd4+ 54. Kc3 Kg2 55. Be5 Re4 56. Bc7 b5 57. b3 Re6 58. Kb4 Ne7 0-1

[Event "Newcastle Northumbria Masters GM"]
[Site "Newcastle on Tyne"]
[Date "2023.08.27"]
[Round "8"]
[White "Fernandez, Daniel Howard"]
[Black "Kanyamarala, Tarun"]
[Result "1-0"]
[WhiteElo "2529"]
[BlackElo "2344"]
[PlyCount "147"]
[EventDate "2023.08.24"]
[EventType "schev"]
[EventRounds "9"]
[EventCountry "ENG"]
[SourceTitle "EXT 2024"]
[Source "ChessBase"]
[SourceDate "2023.10.10"]
[SourceVersion "1"]
[SourceVersionDate "2023.10.10"]
[SourceQuality "1"]
[WhiteTeam "ENG GMs"]
[BlackTeam "ENG IMs"]
[WhiteTeamCountry "ENG"]
[BlackTeamCountry "ENG"]

1. c4 e6 2. Nf3 d5 3. g3 Nf6 4. Bg2 d4 5. d3 Bb4+ 6. Bd2 a5 7. 0-0 0-0 8. e3 Bxd2 9. Qxd2 Nc6 10. Na3 e5 11. exd4 exd4 12. Rfe1 Nd7 13. Nc2 Nc5 14. Ne5 Qd6 15. f4 Nxe5 16. Rxe5 c6 17. b4 Nd7 18. Rxa5 Rxa5 19. bxa5 Nc5 20. Re1 Bf5 21. Bf1 f6 22. Na1 Na4 23. Nb3 Rd8 24. a6 b6 25. Qe2 Kf8 26. a7 Nc3 27. Qb2 Ra8 28. c5 bxc5 29. Nxc5 Rxa7 30. Nb7 Qa3 31. Qb6 Ra8 32. Qxc6 Bg6 33. Bg2 Re8 34. Rxe8+ Bxe8 35. Qc5+ Qxc5 36. Nxc5 Nxa2 37. Ne6+ Kg8 38. Nxd4 Nb4 39. Bf1 Bd7 40. Kf2 Kf7 41. Ke3 Ke7 42. Bg2 g5 43. Nb3 h5 44. Nc5 h4 45. gxh4 gxh4 46. Nxd7 Kxd7 47. Bb7 Ke6 48. Ke4 Nc2 49. Bc8+ Kd6 50. d4 Nb4 51. f5 Nd5 52. Be6 Nc3+ 53. Kd3 Nb5 54. Bb3 Na7 55. Ke4 Nc6 56. Bd5 Ne7 57. Ba8 Ng8 58. Kf4 Nh6 59. Be4 Nf7 60. Kg4 Ng5 61. Bg2 h3 62. Bxh3 Kd5 63. Bg2+ Kxd4 64. Kh5 Ke5 65. Kg6 Nf7 66. Bh3 Ng5 67. Bg4 Kf4 68. Bd1 Ke5 69. Bg4 Kf4 70. h4 Ne4 71. Bd1 Ng3 72. Bc2 Kg4 73. h5 Nxh5 74. Bd1+ 1-0

[Event "Newcastle Northumbria Masters GM"]
[Site "Newcastle on Tyne"]
[Date "2023.08.25"]
[Round "3"]
[White "Trost, Edvin"]
[Black "Fernandez, Daniel Howard"]
[Result "1/2-1/2"]
[WhiteElo "2442"]
[BlackElo "2529"]
[PlyCount "20"]
[EventDate "2023.08.24"]
[EventType "schev"]
[EventRounds "9"]
[EventCountry "ENG"]
[SourceTitle "EXT 2024"]
[Source "ChessBase"]
[SourceDate "2023.10.10"]
[SourceVersion "1"]
[SourceVersionDate "2023.10.10"]
[SourceQuality "1"]
[WhiteTeam "ENG FMs"]
[BlackTeam "ENG GMs"]
[WhiteTeamCountry "ENG"]
[BlackTeamCountry "ENG"]

1. d4 e6 2. Nf3 f5 3. g3 Nf6 4. Bg2 d5 5. 0-0 c6 6. c4 Be7 7. Ne5 Nbd7 8. Nxd7 Bxd7 9. Nd2 0-0 10. Nf3 Be8 1/2-1/2

[Event "Newcastle Northumbria Masters GM"]
[Site "Newcastle on Tyne"]
[Date "2023.08.24"]
[Round "1"]
[White "Fernandez, Daniel Howard"]
[Black "Willow, Jonah B"]
[Result "1-0"]
[WhiteElo "2529"]
[BlackElo "2414"]
[PlyCount "59"]
[EventDate "2023.08.24"]
[EventType "schev"]
[EventRounds "9"]
[EventCountry "ENG"]
[SourceTitle "EXT 2024"]
[Source "ChessBase"]
[SourceDate "2023.10.10"]
[SourceVersion "1"]
[SourceVersionDate "2023.10.10"]
[SourceQuality "1"]
[WhiteTeam "ENG GMs"]
[BlackTeam "ENG IMs"]
[WhiteTeamCountry "ENG"]
[BlackTeamCountry "ENG"]

1. d4 Nf6 2. g3 e6 3. Bg2 d5 4. Nf3 c5 5. 0-0 cxd4 6. Nxd4 h6 7. c4 e5 8. Nf3 e4 9. Nfd2 e3 10. fxe3 dxc4 11. Nxc4 Qc7 12. Nba3 Bxa3 13. Nxa3 Bd7 14. b4 Bc6 15. Bb2 Bxg2 16. Nb5 Qb6 17. Nd6+ Kf8 18. Kxg2 Nbd7 19. e4 Rd8 20. e5 Qxb4 21. Qb3 Qxb3 22. axb3 Ng4 23. Rxf7+ Kg8 24. e6 Nde5 25. Rxa7 Nxf7 26. Nxf7 Re8 27. Nxh8 Kxh8 28. Rxb7 Rxe6 29. Bxg7+ Kg8 30. Bd4 1-0

[Event "GBR-ch 109th"]
[Site "Leicester"]
[Date "2023.07.26"]
[Round "5"]
[White "Fernandez, Daniel Howard"]
[Black "Derakhshani, Borna"]
[Result "1-0"]
[WhiteElo "2518"]
[BlackElo "2341"]
[PlyCount "179"]
[EventDate "2023.07.22"]
[EventType "swiss"]
[EventRounds "9"]
[EventCountry "ENG"]
[SourceTitle "CBM 215 Extra"]
[Source "ChessBase"]
[SourceDate "2023.09.30"]
[SourceVersion "1"]
[SourceVersionDate "2023.09.30"]
[SourceQuality "1"]

1. c4 Nf6 2. Nf3 e6 3. g3 b6 4. Bg2 Bb7 5. 0-0 Be7 6. d4 0-0 7. Nc3 d5 8. cxd5 Nxd5 9. Nxd5 Bxd5 10. Qc2 c5 11. dxc5 bxc5 12. Rd1 Qc8 13. Bg5 f6 14. e4 Bb7 15. Be3 Kh8 16. Rac1 Na6 17. Qc4 Qc6 18. Nh4 Qb6 19. Rd7 Rae8 20. b4 Bc8 21. Rxe7 Rxe7 22. b5 Rc7 23. bxa6 Bxa6 24. Qc3 Rd8 25. e5 f5 26. Nf3 Rcd7 27. h4 Rd1+ 28. Rxd1 Rxd1+ 29. Kh2 Qb4 30. Qc2 Rd7 31. Bxc5 Qc4 32. Qxc4 Bxc4 33. a3 Rd5 34. Bxa7 Ra5 35. Be3 Rxa3 36. h5 h6 37. Nh4 Kg8 38. Bf3 Kf7 39. g4 fxg4 40. Bxg4 Bd5 41. Kg3 Ra4 42. Ng6 Ra1 43. f3 Ra3 44. Bc5 Rc3 45. Bd6 Ba2 46. Kf2 Bd5 47. Ke2 Rc1 48. Nf4 Ba2 49. Kd2 Rc8 50. Bh3 Bb3 51. Ng6 Ba2 52. Bf1 Bb1 53. Nf4 Rc2+ 54. Ke3 Rc1 55. Bh3 Ba2 56. Kd2 Rc8 57. Bg4 Bb3 58. Ne2 Bd5 59. Nd4 Rc4 60. Nb5 Bc6 61. Nc7 Bd7 62. Kd3 Rc1 63. Na6 Bc6 64. Nc5 Bd5 65. Ke3 Rc3+ 66. Nd3 Bb3 67. Bb4 Rc4 68. Bc5 Rc2 69. f4 g6 70. Bb4 Bd5 71. hxg6+ Kxg6 72. f5+ exf5 73. Nf4+ Kg7 74. Bxf5 Bb3 75. Bxc2 Bxc2 76. Kd4 Kf7 77. Kd5 Bb3+ 78. Kd6 Ba2 79. Be1 Bb3 80. Bh4 Ke8 81. e6 Ba4 82. Nh5 Kf8 83. Bf6 Bd1 84. Ng7 Ba4 85. Bd4 Bb5 86. Nh5 Be2 87. Nf4 Bb5 88. Ke5 Ke8 89. Nd5 Ba4 90. Be3 1-0

[Event "Ghent op 44th"]
[Site "Ghent"]
[Date "2023.07.19"]
[Round "9"]
[White "Dauw, Sterre"]
[Black "Fernandez, Daniel Howard"]
[Result "0-1"]
[WhiteElo "2244"]
[BlackElo "2518"]
[PlyCount "80"]
[EventDate "2023.07.11"]
[EventType "swiss"]
[EventRounds "9"]
[EventCountry "BEL"]
[SourceTitle "EXT 2024"]
[Source "ChessBase"]
[SourceDate "2023.10.10"]
[SourceVersion "1"]
[SourceVersionDate "2023.10.10"]
[SourceQuality "1"]

1. e4 c5 2. Nf3 d6 3. d4 cxd4 4. Nxd4 Nf6 5. Nc3 a6 6. Be2 e5 7. Nb3 Be7 8. g4 h6 9. h4 b5 10. a3 Bb7 11. Qd3 Nbd7 12. Be3 Qc7 13. Bf3 Nb6 14. 0-0-0 Nc4 15. g5 Nxe3 16. Qxe3 Nd7 17. gxh6 Rxh6 18. h5 Qb6 19. Qxb6 Nxb6 20. Na5 Bc8 21. Nc6 Rf6 22. Rd3 Bf8 23. Rg1 Be6 24. Rg3 Rf4 25. Nb4 Rh4 26. b3 Rh2 27. Rg2 Rxg2 28. Bxg2 Be7 29. Kb2 Bh4 30. Rxd6 Bxf2 31. Ncd5 Nxd5 32. exd5 Bg4 33. h6 Ke7 34. Rc6 gxh6 35. Rxh6 Rg8 36. d6+ Kf8 37. Bh3 Kg7 38. Bxg4 Kxh6 39. Bh3 e4 40. d7 e3 0-1

[Event "Titled Tuesday intern op 18th Jul Late"]
[Site "Chess.com INT"]
[Date "2023.07.18"]
[Round "1"]
[White "Fernandez, Daniel Howard"]
[Black "Herman, Daniel"]
[Result "1-0"]
[WhiteElo "2518"]
[BlackElo "1928"]
[PlyCount "107"]
[EventDate "2023.07.18"]
[EventType "swiss (blitz)"]
[EventRounds "11"]
[EventCountry "USA"]
[SourceTitle "EXT 2024"]
[Source "ChessBase"]
[SourceDate "2023.10.10"]
[SourceVersion "1"]
[SourceVersionDate "2023.10.10"]
[SourceQuality "1"]

1. Nf3 g6 2. e3 Bg7 3. d4 Nf6 4. b3 0-0 5. Bb2 d6 6. Be2 Nbd7 7. Nbd2 e5 8. dxe5 Ng4 9. Nc4 Ndxe5 10. Nfxe5 Nxe5 11. Nxe5 dxe5 12. Qxd8 Rxd8 13. a4 Bf5 14. Rc1 Rd7 15. g4 Be4 16. f3 Bc6 17. e4 Rad8 18. Bc3 Bh6 19. Rd1 Rxd1+ 20. Bxd1 Bf4 21. Be2 Kg7 22. Bb5 Rd6 23. Bb4 Rd4 24. Bxc6 Rxb4 25. Bd5 Rd4 26. Bxb7 Rd2 27. c4 Rb2 28. 0-0 Bxh2+ 29. Kh1 Bf4 30. Bd5 Rxb3 31. a5 Rb2 32. a6 h5 33. gxh5 gxh5 34. Rg1+ Kf6 35. Rg8 h4 36. Rh8 Bg3 37. c5 Kg5 38. Rh7 Rb1+ 39. Kg2 Rb2+ 40. Kf1 Rf2+ 41. Kg1 Rxf3 42. Bxf7 Ra3 43. Bd5 Rxa6 44. c6 Ra1+ 45. Kg2 a5 46. Rxc7 a4 47. Rg7+ Kf4 48. c7 Rc1 49. Be6 h3+ 50. Bxh3 a3 51. c8Q Rxc8 52. Bxc8 Be1 53. Ra7 Bb4 54. Ra4 1-0

[Event "Titled Tuesday intern op 18th Jul Late"]
[Site "Chess.com INT"]
[Date "2023.07.18"]
[Round "3"]
[White "Fernandez, Daniel Howard"]
[Black "Toniutti, Ezio"]
[Result "1-0"]
[WhiteElo "2518"]
[BlackElo "2182"]
[PlyCount "53"]
[EventDate "2023.07.18"]
[EventType "swiss (blitz)"]
[EventRounds "11"]
[EventCountry "USA"]
[SourceTitle "EXT 2024"]
[Source "ChessBase"]
[SourceDate "2023.10.10"]
[SourceVersion "1"]
[SourceVersionDate "2023.10.10"]
[SourceQuality "1"]

1. b3 d5 2. Bb2 Bf5 3. f4 e6 4. Nf3 Nf6 5. e3 Be7 6. Be2 h6 7. 0-0 c5 8. c4 0-0 9. Ne5 Nbd7 10. d3 Nxe5 11. fxe5 Nh7 12. cxd5 Bg5 13. e4 Bg6 14. Nc3 a6 15. Kh1 b5 16. d4 cxd4 17. Qxd4 Rc8 18. Rad1 Qa5 19. b4 Qc7 20. a4 bxa4 21. Bxa6 Rb8 22. Ba3 Rfd8 23. b5 exd5 24. exd5 Nf8 25. Bxf8 Rxf8 26. d6 Qd7 27. Nxa4 1-0